000 00461nam a2200181Ia 4500
001 10897
005 20260306161906.0
008 260306t2005||||xx |||||||||||||| ||spa||
041 _aESP
082 _a980.01
_bG317 V. 2
100 _aGaravaglia, Juan Carlos
_eAUT
245 0 _aAmérica latina:
_bde los orígenes a la independencia
260 _c2005
300 _a499 páginas :
_c23 cm.
650 _aGEN
654 _aCHU
942 _cLIB
_dJUS
_fJUS
_2ddc
_n
999 _c10897
_d10897